| 000 | 00403nam a2200157Ia 4500 | ||
|---|---|---|---|
| 008 | 230718s9999 xx 000 0 und d | ||
| 041 | _aeng | ||
| 082 |
_a621.319'2 _bSAT |
||
| 100 | _aSatyanarayan S. | ||
| 245 | _aNetwork Theory Analysis And Synthesis | ||
| 260 | _bTechnical pub | ||
| 300 | _a482 | ||
| 365 |
_cRs. _b165.00 |
||
| 700 | _aSatyanarayan S. | ||
| 906 |
_dB:30420-Feb-1999 _cETC _b24.75 |
||
| 999 |
_c298434 _d298434 |
||